Text book of modern physics / (Record no. 7406)
[ view plain ]
| 000 -LEADER | |
|---|---|
| fixed length control field | 00518cam a2200205ua 4500 |
| 041 ## - LANGUAGE CODE | |
| Language code of text/sound track or separate title | eng |
| 082 ## - DEWEY DECIMAL CLASSIFICATION NUMBER | |
| Classification number | 530 |
| Item number | RAM/TE |
| 100 ## - MAIN ENTRY--AUTHOR NAME | |
| Personal name | Ramamoorthy, S . |
| 245 ## - TITLE STATEMENT | |
| Title | Text book of modern physics / |
| 250 ## - EDITION STATEMENT | |
| Edition statement | 3 / |
| 260 ## - PUBLICATION, DISTRIBUTION, ETC. (IMPRINT) | |
| Place of publication | Chennai : |
| Name of publisher | The National Publishing Co , |
| Year of publication | 1965. |
| 300 ## - PHYSICAL DESCRIPTION | |
| Number of Pages | 334 ; . |
| 700 1# - ADDED ENTRY--PERSONAL NAME | |
| Personal name | Krishnamoorthy, K S . |
| 700 1# - ADDED ENTRY--PERSONAL NAME | |
| Personal name | Rajagopalan, P R . |
| 942 ## - ADDED ENTRY ELEMENTS (KOHA) | |
| Koha item type | Books |
| Withdrawn status | Lost status | Damaged status | Home library | Current library | Date acquired | Full call number | Accession Number | Koha item type | Public note |
|---|---|---|---|---|---|---|---|---|---|
| Withdrawn | KAUAET | KAUAET | 02/02/2021 | 530 RAM/TE | 7733 | Books | |||
| Withdrawn | KAUAET | Sanskrit University | 07/04/2012 | 530 | 7730 | Books | Transferred to Sanskrit University |
